| 000 | 00925nam a2200229 i 4500 | ||
|---|---|---|---|
| 001 | 189501 | ||
| 003 | SpMaBN | ||
| 005 | 20250809062602.0 | ||
| 008 | 190605s1971 sp |||| | spa d | ||
| 080 | _a860-531"19" | ||
| 100 | 1 |
_aGómez Carrera, Carlos. _957860 |
|
| 245 | 1 | 0 |
_aGnoseología jurídica y vitalismo radical _b: discurso / _cleído el día 27 de febrero de 1970, en la solemne sesión de ingreso del académico... D. Carlos Gómez Carrera y contestación... D. Gerardo Abad-Conde y Sevilla. |
| 260 |
_aLa Coruña : _bAcademia Gallega de Jurisprudencia y Legislación, _c1971. |
||
| 300 |
_a42 p. ; _c27 cm. |
||
| 500 | _aÍndice. | ||
| 650 | 4 |
_aDerecho- _xFilosofía _911620 |
|
| 650 | 4 |
_aVitalismo. _9141867 |
|
| 700 | 1 |
_aAbad-Conde y Sevilla, Gerardo, _d1909-1988 _9167276 |
|
| 710 | 2 |
_aAcademia Gallega de Jurisprudencia y Legislación. _91197 |
|
| 852 |
_aES-MaACL _j2341-F-5 |
||
| 999 |
_c189501 _d189501 |
||